PANIC OF 2008 CAUSES CONSEQUENCES AND IM (Record no. 27345)
[ view plain ]
| 000 -LEADER | |
|---|---|
| fixed length control field | 00370nam a2200133Ia 4500 |
| 008 - FIXED-LENGTH DATA ELEMENTS--GENERAL INFORMATION | |
| fixed length control field | 240624s9999 xx 000 0 und d |
| 041 ## - LANGUAGE CODE | |
| Language code of text/sound track or separate title | eng |
| 082 ## - DEWEY DECIMAL CLASSIFICATION NUMBER | |
| Classification number | 330.90511 MIT |
| 100 ## - MAIN ENTRY--PERSONAL NAME | |
| Personal name | MITCHELL LAWRENCE E |
| 245 ## - TITLE STATEMENT | |
| Title | PANIC OF 2008 CAUSES CONSEQUENCES AND IM |
| 260 ## - PUBLICATION, DISTRIBUTION, ETC. | |
| Date of publication, distribution, etc. | 2010 |
| Place of publication, distribution, etc. | United Kingdom |
| Name of publisher, distributor, etc. | Edward Elgar |
| 300 ## - PHYSICAL DESCRIPTION | |
| Extent | viii, : 359 : p. : cm. ; 24 |
| 365 ## - TRADE PRICE | |
| Currency code | GBP |
| Price amount | 50 |
| Withdrawn status | Lost status | Damaged status | Not for loan | Home library | Current library | Shelving location | Date acquired | Source of acquisition | Cost, normal purchase price | Full call number | Barcode | Date last seen | Copy number | Price effective from | Koha item type |
|---|---|---|---|---|---|---|---|---|---|---|---|---|---|---|---|
| IMTN | IMTN | Rack 8-A | 04/25/2016 | BKI | 94.00 | 330.90511 MIT | 27345 | 06/24/2024 | 100.9 | 06/24/2024 | Books |